Podstawowe zasady wypelniania formularzy SAD i SAD BIS.
Polia 1-11 a vysvetlivky k nim. Krajina kúpy a predaja - zoznam krajín po poľsky a po anglicky a ich symboly. Jednotný administratívny dokument SAD BIS s formulárom. Polia 12-56. Kód transakcie. Pole 47 - výpočet platieb. Polia A,B,C,D,E,F,G,H,I - vysvetlivky k nim.
Gespeichert in:
| Format: | Buchkapitel |
|---|---|
| Sprache: | Polnisch |
| Schlagworte: | |
| Tags: |
Keine Tags, Fügen Sie das erste Tag hinzu!
|
MARC
| LEADER | 00000naa a2200000 4500 | ||
|---|---|---|---|
| 001 | r007195 | ||
| 005 | 20221125123145.9 | ||
| 041 | 0 | |a pol | |
| 044 | |a PL | ||
| 245 | 1 | 0 | |a Podstawowe zasady wypelniania formularzy SAD i SAD BIS. |
| 520 | |a Polia 1-11 a vysvetlivky k nim. Krajina kúpy a predaja - zoznam krajín po poľsky a po anglicky a ich symboly. Jednotný administratívny dokument SAD BIS s formulárom. Polia 12-56. Kód transakcie. Pole 47 - výpočet platieb. Polia A,B,C,D,E,F,G,H,I - vysvetlivky k nim. | ||
| 610 | 2 | 0 | |a clá |
| 610 | 2 | 0 | |a tranzit |
| 610 | 2 | 0 | |a formuláre |
| 610 | 2 | 0 | |a SAD |
| 610 | 2 | 0 | |a SAD BIS |